UBT Library

Invitations : (Record no. 43999)

000 -LEADER
fixed length control field 00837pam a2200265 a 4500
001 - CONTROL NUMBER
control field 1541564
005 - DATE AND TIME OF LATEST TRANSACTION
control field 20180302052208.0
008 - FIXED-LENGTH DATA ELEMENTS--GENERAL INFORMATION
fixed length control field 910205s1991 onca b 001 0 eng
010 ## - LIBRARY OF CONGRESS CONTROL NUMBER
LC control number 91009304
020 ## - INTERNATIONAL STANDARD BOOK NUMBER
International Standard Book Number 0772518505 (Irwin : pbk.)
020 ## - INTERNATIONAL STANDARD BOOK NUMBER
International Standard Book Number 043508593X (Heinemann : hard)
020 ## - INTERNATIONAL STANDARD BOOK NUMBER
International Standard Book Number 0435085786 (Heinemann : pbk.)
040 ## - CATALOGING SOURCE
Original cataloging agency DLC
Transcribing agency DLC
Modifying agency DLC
041 ## - LANGUAGE CODE
Language code of text/sound track or separate title eng
043 ## - GEOGRAPHIC AREA CODE
Geographic area code n-us---
080 ## - UNIVERSAL DECIMAL CLASSIFICATION NUMBER
Universal Decimal Classification number 372.41 ROU
082 00 - DEWEY DECIMAL CLASSIFICATION NUMBER
Classification number 372.41 ROU
Edition number 20
100 1# - Rafti
Rafti 25
101 ## - Shkurtesa
Shkurtesa EDU
245 10 - TITLE STATEMENT
Title Invitations :
Statement of responsibility, etc Regie Routman.
504 ## - BIBLIOGRAPHY, ETC. NOTE
Bibliography, etc Includes bibliographical references and index.
906 ## - LOCAL DATA ELEMENT F, LDF (RLIN)
a 7
b cbc
c orignew
d 1
e ocip
f 19
g y-gencatlg
942 ## - ADDED ENTRY ELEMENTS (KOHA)
Source of classification or shelving scheme
Item type Books
Holdings
Withdrawn status Lost status Source of classification or shelving scheme Damaged status Not for loan Collection code Permanent location Current location Shelving location Date acquired Total Checkouts Full call number Barcode Date last seen Price effective from Koha item type
          Koleksioni i përgjithshem UBT - Lipjan UBT - Lipjan Koleksioni i përgjithshem 03/02/2018   372.41 ROU 002-3000507 03/02/2018 03/02/2018 Books
UBT Library © 2015-2024. All rights reserved University Education for Business and Technology